15 meilleurs buteurs de LDC - Statistiques

Statistiques générales
  • Ce quiz a été pris 209 fois
  • Le résultat moyen est 9 sur 15
Statistiques - réponses
Hint Réponse Nombre de buts % Correct
1 Cristiano ronaldo 140
100%
2 Lionel Messi 129
100%
6 Kyllian Mbappé 64
93%
4 Karim Benzema 90
91%
3 Robert Lewandowski 105
83%
9 Erling Haaland 54
78%
10 Thierry Henry 50
65%
12 Zlatan Ibrahimovic 48
49%
5 Raul 71
46%
7 Thomas Muller 57
46%
13 Mohammed Salah 48
42%
8 Ruud Van Nistelrooy 56
30%
14 Andriy Shevchenko 48
18%
11 Alfredo di Stefano 49
17%
15 Eusébio 46
13%
Aucun quiz correspondant
Distribution des résultats
% des personnes avec chaque résultat
Percentile par nombre de réponses
Votre historique - résultats
Vous n’avez pas pris ce quiz